000 00686nam a2200253Ia 4500
003 OSt
005 20220928103118.0
006 a|||||r|||| 00| 0
007 ta
008 220927b |||||||| |||| 00| 0 eng d
020 _c195
024 _a107518
037 _b255, 08/03/2010, Granthlok
_cTextual
040 _aSDCL
_cSDCL
_beng
041 _2eng
_aeng
082 _aO152,2:g, P3
100 _aRakesh Mohan
245 0 _aNatya vimarsh.
260 _aNew Delhi
_bRastiya Natya Vidyalay
_c2003
300 _a199p.
_ccm.
650 _aHindi
_9391598
942 _hO152,2:g, P3
_cTEXL
_2CC
999 _c718181
_d718181